KALKULÁCIA NÁKLADOV POMOCOU METÓDY ABC

Bibliographic Details
Main Author: Holubcová, Alena (Author)
Format: Article
Language:Slovak

MARC

LEADER 00000naa a2200000uu 4500
001 vtls010951661
003 SK-MaSNL
005 20260302123555.0
008 210906|2004 xo |||||||||||||||||slo|
015 |a SNBRA 
035 |a (urnnbn)urn:nbn:sk:snk:ar-a0bk7b 
035 |a (uuid)4494b689-5842-4e6a-9da8-94b45100311b 
035 |a urn:nbn:sk:snk-aauc8h 
040 |a SNKBUCL  |b slo  |c SNKBUCL  |e AACR2 
041 0 |a slo 
044 |a xo  |c SK 
100 1 |a Holubcová, Alena  |4 aut  |9 808568 
245 1 0 |a KALKULÁCIA NÁKLADOV POMOCOU METÓDY ABC  |c Alena Holubcová 
773 0 |t EDAMBA  |d Bratislava : Ekonóm, 2004  |g S. 271-275  |z 8022518824 
958 |a OND 
958 |a article11 
958 |a chapter 
999 |c 1283607  |d 1285537